Catálogo
 En Linea

La Divina Comedia / (Registro nro. 39198)

Detalles MARC
000 -CABECERA
campo de control de longitud fija 00883cam a2200253 a 4500
001 - NÚMERO DE CONTROL
campo de control 000039708
005 - FECHA Y HORA DE LA ÚLTIMA TRANSACCIÓN
campo de control 20201002033707.0
008 - DATOS DE LONGITUD FIJA--INFORMACIÓN GENERAL
campo de control de longitud fija 910606s19uu sp 000 s spa
020 ## - NÚMERO INTERNACIONAL ESTÁNDAR DEL LIBRO
Número Internacional Estándar del Libro 847758317X
040 ## - FUENTE DE LA CATALOGACIÓN
Centro catalogador/agencia de origen DO-SdBNP
Lengua de catalogación spa
Centro/agencia transcriptor BNPHU
082 ## - NÚMERO DE LA CLASIFICACIÓN DECIMAL DEWEY
Número de clasificación 851.1
Número de documento/Ítem A411div
049 ## - FONDOS LOCALES (OCLC)
Fondos de biblioteca En proceso
100 1# - ENTRADA PRINCIPAL--NOMBRE DE PERSONA
Nombre de persona Alighieri, Dante,
Fechas asociadas al nombre 1265-1321.
9 (RLIN) 13825
245 13 - MENCIÓN DE TÍTULO
Título La Divina Comedia /
Mención de responsabilidad, etc. Dante Alighieri.
260 ## - PUBLICACIÓN, DISTRIBUCIÓN, ETC.
Lugar de publicación, distribución, etc. Madrid :
Nombre del editor, distribuidor, etc. Club Internacional del Libro,
Fecha de publicación, distribución, etc. [190?].
300 ## - DESCRIPCIÓN FÍSICA
Extensión v. (539) (303) p. ;
Dimensiones 22 cm.
490 1# - MENCIÓN DE SERIE
Mención de serie Grandes genio de la literatura universal
500 ## - NOTA GENERAL
Nota general La biblioteca posee la primera y segunda parte
504 ## - NOTA DE BIBLIOGRAFÍA, ETC.
Nota de bibliografía, etc. Incluye referencias bibliográficas y notas al pie de las páginas
650 #4 - PUNTO DE ACCESO ADICIONAL DE MATERIA--TÉRMINO DE MATERIA
Término de materia o nombre geográfico como elemento de entrada Poesía italiana
9 (RLIN) 4554
650 #4 - PUNTO DE ACCESO ADICIONAL DE MATERIA--TÉRMINO DE MATERIA
Término de materia o nombre geográfico como elemento de entrada Literatura italiana
Subdivisión cronológica ANTERIOR A 1400
9 (RLIN) 13826
700 1# - PUNTO DE ACCESO ADICIONAL--NOMBRE DE PERSONA
Término indicativo de función/relación tr.
830 #0 - PUNTO DE ACCESO ADICIONAL DE SERIE-TÍTULO UNIFORME
Título uniforme Grandes genio de la literatura universal
9 (RLIN) 65899
Existencias
Estado de retiro Estado de pérdida Restricciones de uso No para préstamo Código de colección Localización permanente Ubicación/localización actual Ubicación en estantería Fecha de adquisición Número de inventario Total de préstamos Signatura topográfica completa Código de barras Fecha visto por última vez Precio válido a partir de Tipo de ítem Koha
        Monografías: Libros y Folletos General General Orden iniciada 16.07.2013 LF1   851.1 A411div 39708-10 25.06.2020 25.06.2020 No se presta
        Monografías: Libros y Folletos General General Orden iniciada 16.07.2013 LF1   851.1 A411div 39708-20 25.06.2020 25.06.2020 No se presta

Con tecnología Koha